| 000 | 00644cam a2200193 a 4500 | ||
|---|---|---|---|
| 020 | _a0803946759 (cl) | ||
| 020 | _a0803946767 (pb) | ||
| 040 | _cDLC | ||
| 082 | 0 | 0 | _a306 SAG 1993 A012 Or. |
| 245 | 0 | 2 |
_aA future for religion? : _bnew paradigms for social analysis / |
| 260 |
_aNewbury Park : _bSage Publications, _cc1993. |
||
| 300 |
_axviii, 210 p. ; _c23 cm. |
||
| 490 | 0 | _aSage focus editions ; | |
| 650 | 0 | _aReligion and sociology. | |
| 700 | 1 | _aSwatos, William H. , | |
| 856 | 4 | 2 | _uhttp://www.loc.gov/catdir/enhancements/fy0655/92032146-d.html |
| 856 | 4 | 1 | _uhttp://www.loc.gov/catdir/enhancements/fy0655/92032146-t.html |
| 942 | _cEK | ||
| 999 |
_c13897 _d13897 |
||